书目信息 |
| 题名: |
食品工程原理
|
|
| 作者: | 岳田利 , 魏安池 主编 | |
| 分册: | ||
| 出版信息: | 郑州 郑州大学出版社 2014 |
|
| 页数: | 614页 | |
| 开本: | 26cm | |
| 丛书名: | ||
| 单 册: | ||
| 中图分类: | TS201.1 | |
| 科图分类: | ||
| 主题词: | 食品工程学--高等学校--教材 | |
| 电子资源: | ||
| ISBN: | 978-7-5645-1705-2 | |
| 000 | 00899nam0 2200253 450 | |
| 001 | 012015000208 | |
| 005 | 20151130142543.03 | |
| 010 | @a978-7-5645-1705-2@dCNY60.00 | |
| 100 | @a20141225d2014 em y0chiy50 ea | |
| 101 | 0 | @achi |
| 102 | @aCN@b410000 | |
| 105 | @aa z 000yy | |
| 106 | @ar | |
| 200 | 1 | @a食品工程原理@Ashi pin gong cheng yuan li@f岳田利,魏安池主编 |
| 210 | @a郑州@c郑州大学出版社@d2014 | |
| 215 | @a614页@c图@d26cm | |
| 300 | @a普通高等教育食品类专业“十二五”规划教材 高等学校食品类国家特色专业建设教材 | |
| 330 | @a本书共分14章,包括:流体流动、流体输送机械、传热、蒸发与结晶、蒸馏、制冷、萃取、非均相混合物的分离、膜分离、液体吸附与离子交换等内容。 | |
| 606 | 0 | @a食品工程学@x高等学校@j教材 |
| 690 | @aTS201.1@v5 | |
| 701 | 0 | @a岳田利@Ayue tian li@4主编 |
| 701 | 0 | @a魏安池@Awei an chi@4主编 |
| 801 | 0 | @aCN@b碧洲教育@c20151127 |
| 905 | @a10447@f3@dTS201.1@e180 | |
| 食品工程原理/岳田利,魏安池主编.-郑州:郑州大学出版社,2014 |
| 614页:图;26cm |
| 普通高等教育食品类专业“十二五”规划教材 高等学校食品类国家特色专业建设教材 |
| ISBN 978-7-5645-1705-2:CNY60.00 |
| 本书共分14章,包括:流体流动、流体输送机械、传热、蒸发与结晶、蒸馏、制冷、萃取、非均相混合物的分离、膜分离、液体吸附与离子交换等内容。 |
| ● |
| 相关链接 |
|
|
|
|
正题名:食品工程原理
索取号:TS201.1/180
 
预约/预借
| 序号 | 登录号 | 条形码 | 馆藏地/架位号 | 状态 | 备注 |
| 1 | 0871568 | 208715684 | 第二样本阅览室/ [索取号:TS201.1/180] | 在馆 | |
| 2 | 0871569 | 208715693 | 第三借阅区/ [索取号:TS201.1/180] | 在馆 | |
| 3 | 0871570 | 208715700 | 第三借阅区/ [索取号:TS201.1/180] | 在馆 |